000 00614nam a2200217Ia 4500
003 OSt
005 20230509090722.0
008 210423s2006 xx 000 0 und d
020 _a716743752
040 _cAL
041 _aeng
082 _a574.192 BLEI
100 _aBLIE (Ira);ODIAN (George).
_9100164
245 _aGeneral organic and biochemistry.
250 _a2
260 _aNew York
_bW H Freeman & Co.
_c2006
300 _axvii,787,E32,G8,I22
_bPB
365 _b3475
_cINR
906 _abiochemistry. ; biochemistry: ; chemistry ; connecting ; General ; life. ; organic ; your
942 _2ddc
_cBK
999 _c163481
_d163481